[Event "Superettan(Upsala-Rockaden, Sthlm II)"]
[Site "?"]
[Date "2023.01.22"]
[Round "5"]
[White "Johansson, Jan"]
[Black "Kenneskog, Theodor"]
[Result "0-1"]
[WhiteElo "2289"]
[BlackElo "2318"]
[PlyCount "74"]
[SourceVersionDate "2023.02.11"]

1. d4 d5 2. Bg5 f6 3. Bh4 Nh6 4. e3 Nf5 5. Bg3 h5 6. h3 Nxg3 7. fxg3 Qd6 8. Kf2
e5 9. c4 exd4 10. Qxd4 dxc4 11. Bxc4 Nc6 12. Qe4+ Ne5 13. Nf3 Be7 14. Nc3 Nxc4
15. Qxc4 Be6 16. Qe4 Qc6 17. Qxc6+ bxc6 18. Rad1 Rb8 19. Rd2 c5 20. Rc1 Kf7 21.
a3 Rhd8 22. Rxd8 Bxd8 23. Rc2 Be7 24. Rd2 g5 25. h4 g4 26. Ng1 Bd6 27. Nge2 Be5
28. Na4 Rb5 29. Nf4 Ra5 30. Nc3 Bxc3 31. bxc3 Rxa3 32. Nxh5 a5 33. Nf4 a4 34.
c4 Ra1 35. h5 Bxc4 36. e4 a3 37. Rd7+ Ke8 0-1

[Event "Superettan(Orgryte-Vaxjo)"]
[Site "?"]
[Date "2023.01.22"]
[Round "5"]
[White "Olsson, William"]
[Black "Hillarp, Tiger"]
[Result "0-1"]
[WhiteElo "2298"]
[BlackElo "2508"]
[PlyCount "44"]
[SourceVersionDate "2023.02.12"]

1. c4 e6 2. g3 d5 3. Bg2 Nf6 4. Nf3 Be7 5. O-O O-O 6. d4 c6 7. Qc2 b6 8. Bf4
Bb7 9. Nc3 dxc4 10. Rfd1 b5 11. b3 cxb3 12. Qxb3 Nbd7 13. Rac1 Qb6 14. Be3 Qa6
15. Rc2 Rfc8 16. Bd2 h6 17. Rdc1 Rc7 18. e3 Qb6 19. a4 b4 20. a5 Qxa5 21. Na2
Qb6 22. Bh3 c5 0-1

[Event "Superettan(SS 4 Springare-Lulea)"]
[Site "?"]
[Date "2023.01.22"]
[Round "5"]
[White "Wulkan, Martin"]
[Black "Peng, Li Min"]
[Result "0-1"]
[WhiteElo "2244"]
[BlackElo "2520"]
[PlyCount "94"]
[SourceVersionDate "2023.02.11"]

1. d4 Nf6 2. Nf3 d5 3. c4 e6 4. Nc3 dxc4 5. e4 b5 6. e5 Nd5 7. Nxb5 Nb6 8. Be2
Nc6 9. O-O Be7 10. Be3 Qd7 11. Rc1 Rb8 12. Nc3 Bb7 13. Qc2 Nb4 14. Qb1 O-O 15.
a3 N4d5 16. Nxd5 Bxd5 17. Nd2 Qc6 18. f3 Rfc8 19. Rc2 Qb7 20. Nxc4 Nxc4 21.
Bxc4 Bxc4 22. Rxc4 Bxa3 23. Qc2 Bxb2 24. Rb1 Qb3 25. Qxb3 Rxb3 26. Kf1 h5 27.
Ke2 Rb6 28. Rd1 a5 29. Bd2 Ra8 30. Ra4 Rb5 31. Rb1 c6 32. Kd3 Bc3 33. Rd1 Bxd2
34. Rxd2 c5 35. Rda2 cxd4 36. Kxd4 Rd8+ 37. Ke4 Rb4+ 38. Ke3 Rxa4 39. Rxa4 Rd5
40. Kf4 Kh7 41. Ra2 Kg6 42. g3 Rb5 43. g4 h4 44. h3 Rb4+ 45. Ke3 a4 46. f4 Rb3+
47. Ke4 a3 0-1

[Event "Superettan(Upsala-Rockaden, Sthlm II)"]
[Site "?"]
[Date "2023.01.22"]
[Round "5"]
[White "Hedman, Erik"]
[Black "Wagner, Stephan"]
[Result "1/2-1/2"]
[WhiteElo "2314"]
[BlackElo "2254"]
[PlyCount "33"]
[SourceVersionDate "2023.02.11"]

1. e4 c6 2. d4 d5 3. e5 Bf5 4. h4 h5 5. Bd3 Bxd3 6. Qxd3 Qa5+ 7. Nd2 e6 8. Ngf3
Nh6 9. O-O Nf5 10. c4 Qa6 11. b3 c5 12. dxc5 Bxc5 13. Rd1 Nc6 14. Qf1 Rd8 15.
cxd5 Qxf1+ 16. Kxf1 Rxd5 17. Bb2 1/2-1/2

[Event "Superettan(Orgryte-Vaxjo)"]
[Site "?"]
[Date "2023.01.22"]
[Round "5"]
[White "Golubka, Petro"]
[Black "Frisk Kockum, Anton"]
[Result "1-0"]
[WhiteElo "2374"]
[BlackElo "2331"]
[PlyCount "51"]
[SourceVersionDate "2023.02.12"]

1. e4 e6 2. Qe2 c5 3. Nf3 Nc6 4. g3 Be7 5. Bg2 d5 6. d3 g5 7. exd5 Qxd5 8. Nc3
Qf5 9. Be3 Bd7 10. O-O-O O-O-O 11. d4 Nf6 12. dxc5 Ng4 13. Nd4 Nxd4 14. Bxd4 e5
15. Nb5 Kb8 16. h3 Qe6 17. c6 bxc6 18. Bxa7+ Kb7 19. Qxg4 f5 20. Qa4 e4 21. Nd4
Qe5 22. Nb3 Qc7 23. Bf1 Bc8 24. Ba6+ Kxa7 25. Bxc8+ Kb8 26. Bxf5 1-0

[Event "Superettan(SS 4 Springare-Lulea)"]
[Site "?"]
[Date "2023.01.22"]
[Round "5"]
[White "Kassani, Sam"]
[Black "Marcussen, Arno"]
[Result "1-0"]
[WhiteElo "2170"]
[BlackElo "2185"]
[PlyCount "59"]
[EventDate "2023.??.??"]
[SourceVersionDate "2023.02.11"]

1. d4 d6 2. Nf3 c5 3. e3 Nf6 4. Nbd2 Nc6 5. b3 cxd4 6. exd4 Bf5 7. Bb2 e6 8.
Nh4 Bg4 9. Be2 Bxe2 10. Qxe2 Be7 11. g4 Qa5 12. Ng2 h5 13. g5 Qxg5 14. Ne3 a6
15. O-O-O Nb4 16. d5 Nfxd5 17. Nxd5 Nxd5 18. Kb1 Qg4 19. f3 Qb4 20. Ne4 Nf6 21.
Rd4 Qb6 22. Ng5 d5 23. Re1 Rc8 24. f4 Bb4 25. Nxf7 Kxf7 26. Rxb4 Qc6 27. Rxb7+
Qxb7 28. Qxe6+ Kg6 29. Rg1+ Kh7 30. Bxf6 1-0

[Event "Superettan(Upsala-Rockaden, Sthlm II)"]
[Site "?"]
[Date "2023.01.22"]
[Round "5"]
[White "Burwick, Malte"]
[Black "Bryntze, Stefan"]
[Result "1-0"]
[WhiteElo "2207"]
[BlackElo "2226"]
[PlyCount "55"]
[SourceVersionDate "2023.02.11"]

1. Nf3 e6 2. g3 b6 3. Bg2 Bb7 4. O-O Nf6 5. d3 Be7 6. e4 d6 7. b4 Nbd7 8. Bb2
O-O 9. Nbd2 c5 10. b5 Ne8 11. a4 a6 12. Re1 Nc7 13. c4 Ra7 14. Qb3 Bf6 15. d4
cxd4 16. Nxd4 Nc5 17. Qc2 Qa8 18. a5 Nd7 19. axb6 Nxb6 20. c5 dxc5 21. Qxc5
axb5 22. Qxb6 Ra2 23. Qxc7 Rc8 24. Rxa2 Qxa2 25. Qxb7 Rd8 26. e5 Qxb2 27. exf6
Qxd4 28. Nf3 1-0

[Event "Superettan(Orgryte-Vaxjo)"]
[Site "?"]
[Date "2023.01.22"]
[Round "5"]
[White "Vitenberg, Noam Aviv"]
[Black "Rydstrom, Tom"]
[Result "1/2-1/2"]
[WhiteElo "2308"]
[BlackElo "2306"]
[PlyCount "63"]
[SourceVersionDate "2023.02.12"]

1. d4 e6 2. c4 b6 3. e4 Bb7 4. Bd3 Bb4+ 5. Kf1 Be7 6. Nc3 d6 7. f3 e5 8. Nge2
Bf6 9. Be3 Ne7 10. Kf2 O-O 11. Qd2 Nbc6 12. d5 Nd4 13. Rac1 Re8 14. Nb5 Nxe2
15. Bxe2 Ng6 16. g3 h6 17. h4 Be7 18. a4 a6 19. Nc3 Bc8 20. Bf1 f5 21. exf5
Bxf5 22. Bd3 Rf8 23. Bxf5 Rxf5 24. Qd3 Qd7 25. Qe4 Raf8 26. Ke2 Bd8 27. Rcf1
Qf7 28. h5 Nf4+ 29. Kd2 Ng2 30. Ke2 Nf4+ 31. Kd2 Ng2 32. Ke2 1/2-1/2

[Event "Superettan(SS 4 Springare-Lulea)"]
[Site "?"]
[Date "2023.01.22"]
[Round "5"]
[White "Hovhannisyan, Hrayr"]
[Black "Poley, Vladimir"]
[Result "0-1"]
[WhiteElo "2192"]
[BlackElo "2318"]
[PlyCount "52"]
[SourceVersionDate "2023.02.11"]

1. d4 g6 2. c4 Bg7 3. Nf3 d6 4. g3 Nf6 5. Bg2 O-O 6. O-O Re8 7. Nc3 Bd7 8. e4
e5 9. h3 Qc8 10. Kh2 exd4 11. Nxd4 Nc6 12. Nxc6 bxc6 13. f4 Rb8 14. c5 Rb4 15.
Re1 Rd4 16. Qf3 Bf5 17. cxd6 cxd6 18. e5 dxe5 19. Qxc6 Bxh3 20. fxe5 Ng4+ 21.
Kxh3 Qf5 22. Qxe8+ Bf8 23. Be4 Qh5+ 24. Kg2 Qh2+ 25. Kf3 Qf2+ 26. Kxg4 Qf5+ 0-1

[Event "Superettan(Upsala-Rockaden, Sthlm II)"]
[Site "?"]
[Date "2023.01.22"]
[Round "5"]
[White "Eriksson, Dan"]
[Black "Jansson, Borje"]
[Result "1-0"]
[WhiteElo "2243"]
[BlackElo "2203"]
[PlyCount "67"]
[SourceVersionDate "2023.02.11"]

1. e4 d6 2. d4 Nf6 3. Nc3 g6 4. Be3 c6 5. Qd2 Nbd7 6. O-O-O b5 7. e5 b4 8. exf6
bxc3 9. Qxc3 Nxf6 10. Qxc6+ Bd7 11. Qa6 Bg7 12. Bc4 O-O 13. Ne2 Qc7 14. Rd3
Rfb8 15. Rb3 Bc6 16. f3 Bd5 17. Bxd5 Nxd5 18. Bd2 Rc8 19. Qd3 a5 20. Kb1 a4 21.
Rb5 Nb6 22. Ba5 Rab8 23. Rc1 Qc6 24. c4 Nd7 25. Qe4 Qa6 26. Qxe7 Rxb5 27. cxb5
Rxc1+ 28. Nxc1 Qxb5 29. Qxd6 Bf8 30. Qc7 a3 31. Qc3 axb2 32. Nd3 Nb8 33. Bb4
Bg7 34. Qc8+ 1-0

[Event "Superettan(Orgryte-Vaxjo)"]
[Site "?"]
[Date "2023.01.22"]
[Round "5"]
[White "Lindberg, Bengt"]
[Black "Torngren, Gustav"]
[Result "1/2-1/2"]
[WhiteElo "2351"]
[BlackElo "2257"]
[PlyCount "93"]
[SourceVersionDate "2023.02.12"]

1. e4 c6 2. d4 d5 3. Nc3 dxe4 4. Nxe4 Nf6 5. Nxf6+ exf6 6. c3 Bd6 7. Bd3 O-O 8.
Qc2 h6 9. Ne2 Nd7 10. O-O Re8 11. c4 Nf8 12. Kh1 Bg4 13. f3 Bh5 14. Bd2 Bg6 15.
Rae1 Qd7 16. Bxg6 Nxg6 17. Nc3 Rxe1 18. Rxe1 Re8 19. Rxe8+ Qxe8 20. Qe4 Qd7 21.
Qe2 Nf4 22. Bxf4 Bxf4 23. g3 Bc7 24. d5 Be5 25. dxc6 bxc6 26. Nd1 Bd4 27. Kg2
c5 28. Qd2 Qe6 29. b3 h5 30. Nf2 f5 31. Nh3 g6 32. Nf4 Qe5 33. Qe2 Qd6 34. Nd5
Kf8 35. Qd2 Qe5 36. Kf1 Kg7 37. Qf4 Qe6 38. a4 a5 39. Qd2 Qa6 40. Qd3 Qb7 41.
Ke1 Qb8 42. Kf1 Qb7 43. Qd1 Qb8 44. Qd3 Qb7 45. Qd1 Qa7 46. Qd2 Qb8 47. Qd3
1/2-1/2

[Event "Superettan(SS 4 Springare-Lulea)"]
[Site "?"]
[Date "2023.01.22"]
[Round "5"]
[White "Zaritovskaja, Margo"]
[Black "Marklund, Niklas"]
[Result "0-1"]
[WhiteElo "1983"]
[BlackElo "2174"]
[PlyCount "122"]
[SourceVersionDate "2023.02.11"]

1. e4 c5 2. Nf3 d6 3. d4 cxd4 4. Nxd4 Nf6 5. Nc3 a6 6. Be2 g6 7. O-O Bg7 8. Be3
O-O 9. Kh1 Nbd7 10. a4 Nc5 11. f3 Qc7 12. Qd2 Rd8 13. Bh6 Bxh6 14. Qxh6 e5 15.
Nf5 Bxf5 16. exf5 d5 17. Rad1 Qc6 18. Qg5 d4 19. Ne4 Ncxe4 20. fxe4 Nxe4 21.
Qh4 Nd6 22. fxg6 hxg6 23. Bg4 f5 24. Bh3 Kf7 25. Qh7+ Kf6 26. Qh4+ Ke6 27. Rde1
Nf7 28. Qh7 Rg8 29. b4 Raf8 30. Qh4 Rh8 31. Qxd4 Kf6 32. Qe3 Qxa4 33. g4 f4 34.
Qd3 Rd8 35. Qc3 Qc6+ 36. Qxc6+ bxc6 37. Bg2 Rd2 38. Rd1 Rxc2 39. Rc1 Rxc1 40.
Rxc1 Rc8 41. Bf1 e4 42. Bxa6 Re8 43. Rxc6+ Kg5 44. Kg2 Ne5 45. Rc1 Kxg4 46. h3+
Kf5 47. Re1 Rd8 48. Bb7 Rd2+ 49. Kf1 e3 50. Re2 Rd1+ 51. Kg2 Rb1 52. Bd5 Rxb4
53. Bf3 Rd4 54. Bb7 Rd2 55. Kf1 Rxe2 56. Kxe2 Kg5 57. Bc8 Kh4 58. Be6 Kg3 59.
Bc8 Nf3 60. Ba6 Ng5 61. Kf1 Nxh3 0-1

[Event "Superettan(Upsala-Rockaden, Sthlm II)"]
[Site "?"]
[Date "2023.01.22"]
[Round "5"]
[White "Johansson, Thomas"]
[Black "Nikolic, Vladan"]
[Result "1-0"]
[WhiteElo "2194"]
[BlackElo "2188"]
[PlyCount "111"]
[SourceVersionDate "2023.02.11"]

1. d4 Nf6 2. c4 e6 3. Nf3 c5 4. d5 d6 5. Nc3 exd5 6. cxd5 g6 7. Bf4 Bg7 8. e3
O-O 9. h3 Re8 10. Nd2 Na6 11. Be2 Nc7 12. Nc4 Bf8 13. a4 b6 14. Bf3 Ba6 15. b3
Rb8 16. O-O Bxc4 17. bxc4 a6 18. Rb1 Nd7 19. Be2 Bg7 20. Rb3 Qe7 21. Re1 f5 22.
Bf1 Rf8 23. Bg3 Rbe8 24. f4 a5 25. e4 Bd4+ 26. Kh1 Qf6 27. e5 dxe5 28. fxe5
Nxe5 29. Ne2 f4 30. Nxf4 Qg5 31. Qc1 Rf7 32. Ne2 Qxc1 33. Nxc1 Ref8 34. Be2 Rf6
35. Nd3 Nxd3 36. Bxd3 Na6 37. Bh4 Rf4 38. Bg5 Rf2 39. Rxb6 Nb4 40. Be4 Rf1+ 41.
Rxf1 Rxf1+ 42. Kh2 Bg1+ 43. Kg3 Bf2+ 44. Kf3 Bd4+ 45. Kg4 Re1 46. Re6 Rd1 47.
Re8+ Kf7 48. Re7+ Kg8 49. d6 Bg7 50. d7 Bf8 51. Re8 Rxd7 52. Bh6 Rf7 53. Bd5
Nxd5 54. cxd5 g5 55. d6 Rf6 56. d7 1-0

[Event "Superettan(Orgryte-Vaxjo)"]
[Site "?"]
[Date "2023.01.22"]
[Round "5"]
[White "Kumar, Rahul"]
[Black "Sevastianov, Andrii"]
[Result "1/2-1/2"]
[WhiteElo "2212"]
[BlackElo "2151"]
[PlyCount "64"]
[SourceVersionDate "2023.02.12"]

1. Nf3 d5 2. d4 Nf6 3. c3 Bf5 4. Qb3 Qc8 5. Bf4 e6 6. e3 Nbd7 7. Nbd2 Be7 8. c4
c6 9. Rc1 O-O 10. h3 Bd8 11. Nh4 Bg6 12. Nxg6 hxg6 13. Bd3 Bc7 14. Bxc7 Qxc7
15. O-O Rab8 16. Rfd1 Rfd8 17. Be2 Qb6 18. Qa3 a6 19. Bf3 Qa7 20. Qc3 Rbc8 21.
e4 dxe4 22. Nxe4 Nxe4 23. Bxe4 Nf6 24. Bf3 Qb8 25. Rd2 Re8 26. Rcd1 Rcd8 27. b4
Re7 28. a4 Red7 29. Qb2 Qf4 30. Qc3 Ne4 31. Bxe4 Qxe4 32. Qe3 Qf5 1/2-1/2

[Event "Superettan(SS 4 Springare-Lulea)"]
[Site "?"]
[Date "2023.01.22"]
[Round "5"]
[White "Liden, Tommy"]
[Black "Jakenberg, Jussi"]
[Result "1/2-1/2"]
[WhiteElo "2056"]
[BlackElo "2080"]
[PlyCount "109"]
[SourceVersionDate "2023.02.11"]

1. e4 d6 2. d4 Nf6 3. Nc3 e5 4. Nf3 Nbd7 5. Bc4 Be7 6. h3 c6 7. a4 h6 8. O-O
O-O 9. Bb3 Qc7 10. Nh4 exd4 11. Qxd4 Nc5 12. Ba2 Be6 13. Nf5 Bxf5 14. exf5 d5
15. Bf4 Qd7 16. Rfe1 Rfe8 17. g4 Na6 18. Be5 Bc5 19. Qf4 Nh7 20. f6 Nxf6 21.
Bxf6 gxf6 22. Qxh6 Rxe1+ 23. Rxe1 Re8 24. Ne2 Qe6 25. c3 f5 26. Qg5+ Qg6 27.
Qxf5 Qxf5 28. gxf5 Kg7 29. b4 Bd6 30. Kf1 Kf6 31. Bb1 Nb8 32. Ng3 Rxe1+ 33.
Kxe1 Kg5 34. Kf1 Nd7 35. Kg2 Nf6 36. Bd3 Nh5 37. Nxh5 Kxh5 38. b5 f6 39. bxc6
bxc6 40. c4 a5 41. cxd5 cxd5 42. Bb5 Kh4 43. Bc6 Bb4 44. Bxd5 Bc3 45. Bc4 Bb4
46. Be2 Bc3 47. Bg4 Bb4 48. Be2 Bc3 49. Bf1 Bb4 50. Kf3 Bc3 51. Ke4 Be1 52. Ke3
Bc3 53. Ke4 Be1 54. f3 Bb4 55. Kd5 1/2-1/2

[Event "Superettan(Upsala-Rockaden, Sthlm II)"]
[Site "?"]
[Date "2023.01.22"]
[Round "5"]
[White "Zadruzny, Nicolaj"]
[Black "Kashebayev, Azamat"]
[Result "0-1"]
[WhiteElo "2221"]
[BlackElo "2203"]
[PlyCount "56"]
[SourceVersionDate "2023.02.11"]

1. Nf3 Nf6 2. g3 g6 3. Bg2 Bg7 4. O-O O-O 5. d4 d6 6. b3 Nc6 7. Bb2 Bf5 8. Nbd2
Ne4 9. Nh4 Nxd2 10. Qxd2 Bd7 11. Rad1 Qc8 12. c4 Bh3 13. d5 Bxb2 14. Qxb2 Ne5
15. Qd2 c6 16. f4 Bxg2 17. Kxg2 Ng4 18. e4 cxd5 19. exd5 Qc5 20. Rde1 b5 21.
cxb5 Qxb5 22. h3 Nf6 23. Rxe7 Nxd5 24. Re2 Rac8 25. Rfe1 Rc3 26. Nf3 Rd3 27.
Qc2 Nb4 28. Qb2 Rxf3 0-1

[Event "Superettan(Orgryte-Vaxjo)"]
[Site "?"]
[Date "2023.01.22"]
[Round "5"]
[White "Heidenfors, Ronald"]
[Black "Arnelind, Mikael"]
[Result "0-1"]
[WhiteElo "1997"]
[BlackElo "2195"]
[PlyCount "61"]
[SourceVersionDate "2023.02.12"]

1. Nf3 Nf6 2. c4 e6 3. Nc3 d5 4. e3 Be7 5. Be2 O-O 6. O-O c5 7. cxd5 Nxd5 8.
Nxd5 Qxd5 9. d4 Nc6 10. dxc5 Qxc5 11. Bd2 Rd8 12. Qb3 Bf6 13. Rac1 Qe7 14. Rfd1
e5 15. Ne1 Be6 16. Qa4 a6 17. Bf3 Bd5 18. Ba5 Bxf3 19. Rxd8+ Nxd8 20. Nxf3 Nc6
21. Nd2 Qe6 22. Bb6 Be7 23. Qc4 Qxc4 24. Nxc4 Kf8 25. Kf1 Ke8 26. Rd1 Rc8 27.
b3 f6 28. Ke2 Nb8 29. a4 Nd7 30. Rd5 Rxc4 31. Rxd7 0-1

[Event "Superettan(SS 4 Springare-Lulea)"]
[Site "?"]
[Date "2023.01.22"]
[Round "5"]
[White "Mattsson, Michael"]
[Black "Pettersson, Tobias"]
[Result "1-0"]
[WhiteElo "2025"]
[BlackElo "2111"]
[PlyCount "79"]
[SourceVersionDate "2023.02.11"]

1. e4 d6 2. d4 Nf6 3. Nc3 c6 4. a4 Qa5 5. Bd2 Qc7 6. Bc4 e5 7. Nge2 Be7 8. O-O
O-O 9. dxe5 dxe5 10. Ng3 a5 11. Qe2 Na6 12. h3 Nc5 13. Be3 Re8 14. Bxf7+ Kxf7
15. Bxc5 Be6 16. Qe3 Qc8 17. Bxe7 Rxe7 18. Kh2 g6 19. f4 Bc4 20. Rf2 Kg7 21.
Qc5 Qe6 22. b3 Ba6 23. f5 Qf7 24. Qxa5 g5 25. Rd1 h5 26. Nf1 Ree8 27. Qc5 Ng4+
28. hxg4 Bxf1 29. f6+ Kh7 30. Rdxf1 hxg4 31. g3 Kg6 32. Kg2 b6 33. Qc4 Re6 34.
Rh1 Rd8 35. Qe2 Rxf6 36. Rhf1 Rf3 37. Rxf3 gxf3+ 38. Qxf3 Qe7 39. Qf5+ Kg7 40.
Rh1 1-0

[Event "Superettan(Upsala-Rockaden, Sthlm II)"]
[Site "?"]
[Date "2023.01.22"]
[Round "5"]
[White "Malm Lindberg, Henrik"]
[Black "Narva, David"]
[Result "1-0"]
[WhiteElo "2123"]
[BlackElo "2013"]
[PlyCount "133"]
[SourceVersionDate "2023.02.11"]

1. e4 c5 2. Nf3 d6 3. d4 cxd4 4. Nxd4 Nc6 5. c4 Nf6 6. Nc3 e6 7. Be2 Be7 8. O-O
O-O 9. Be3 Bd7 10. Qd2 Nxd4 11. Bxd4 Bc6 12. f3 d5 13. cxd5 exd5 14. e5 Nd7 15.
Rad1 Nc5 16. Kh1 Ne6 17. f4 b6 18. Be3 d4 19. Bxd4 Qc7 20. Be3 Rad8 21. Qe1 Bc5
22. Bxc5 bxc5 23. Qg3 Nd4 24. Bc4 Nf5 25. Qh3 Nd4 26. Bd3 g6 27. Ne4 Bxe4 28.
Bxe4 f6 29. exf6 Rxf6 30. g3 Nf5 31. Bxf5 Rxf5 32. Qg2 Rd4 33. Rxd4 cxd4 34.
Qe4 Qd7 35. Rd1 Rd5 36. Rd3 Rd6 37. Kg2 Qb5 38. b3 Kf7 39. Rxd4 Re6 40. Qd5
Qxd5+ 41. Rxd5 Re2+ 42. Kf3 Rxa2 43. Rd7+ Kg8 44. Ke4 Re2+ 45. Kd5 a5 46. Ra7
Rxh2 47. Ke6 Rh5 48. g4 Rb5 49. Kf6 Rb6+ 50. Kg5 Rxb3 51. Rxa5 Rb7 52. Kh6 Rb4
53. Ra8+ Kf7 54. Ra7+ Kf6 55. g5+ Ke6 56. Kxh7 Rxf4 57. Kxg6 Rg4 58. Kh6 Rh4+
59. Kg7 Rg4 60. g6 Ke5 61. Kf7 Rf4+ 62. Kg8 Rg4 63. g7 Kf6 64. Ra6+ Ke7 65. Kh7
Kf7 66. g8=Q+ Rxg8 67. Ra7+ 1-0

[Event "Superettan(Orgryte-Vaxjo)"]
[Site "?"]
[Date "2023.01.22"]
[Round "5"]
[White "Eksmyr, Johan"]
[Black "Lindborg, Patrik"]
[Result "1/2-1/2"]
[WhiteElo "2097"]
[BlackElo "2184"]
[PlyCount "144"]
[SourceVersionDate "2023.02.12"]

1. d4 Nf6 2. Bf4 g6 3. e3 Bg7 4. Nf3 O-O 5. Be2 c5 6. c3 b6 7. Nbd2 Bb7 8. Qc2
d6 9. h3 Nbd7 10. O-O Rc8 11. Rfe1 a6 12. Qb3 b5 13. a4 e5 14. Bg3 Bd5 15. c4
bxc4 16. Bxc4 Bxc4 17. Nxc4 Ne4 18. dxe5 Nxg3 19. fxg3 Rb8 20. Qd1 Nxe5 21.
Nfxe5 Bxe5 22. Nxe5 dxe5 23. Qc2 Qb6 24. Rad1 Rfc8 25. Qc4 Qc6 26. Rf1 Rc7 27.
Rf2 Re8 28. e4 Kg7 29. Rd5 Qb6 30. Rfd2 Qb4 31. Qxa6 Qxe4 32. Qb5 Re6 33. a5
Qb4 34. Qxb4 cxb4 35. Rb5 Ra7 36. Rxb4 Rxa5 37. Rb7 e4 38. Re2 e3 39. Rb3 Ra1+
40. Kh2 Rb1 41. g4 h6 42. Kg3 Re7 43. Rb5 Re6 44. Rb7 Re8 45. h4 Re6 46. Rb5
Re7 47. Rb3 Re6 48. Rb7 Re8 49. Rb5 Re7 50. g5 hxg5 51. hxg5 Re6 52. Rb7 Re8
53. Kg4 Re6 54. Rb3 Re7 55. g3 Re6 56. Rb8 Rf1 57. Rc8 Re4+ 58. Kh3 Rf5 59. Rc3
Rxg5 60. Rcxe3 Rxe3 61. Rxe3 Rb5 62. b3 f5 63. Kg2 Kf6 64. Kf3 g5 65. Kf2 Rb4
66. Ke2 f4 67. gxf4 Rxf4 68. Rf3 Rxf3 69. Kxf3 Ke5 70. Kg4 Kd4 71. Kxg5 Kc3 72.
Kh6 Kxb3 1/2-1/2

[Event "Superettan(Burgsvik-Vasteras II)"]
[Site "?"]
[Date "2023.01.22"]
[Round "5"]
[White "Magnusson, Karl"]
[Black "Schandorff, Lars"]
[Result "1/2-1/2"]
[WhiteElo "2149"]
[BlackElo "2482"]
[PlyCount "52"]
[SourceVersionDate "2023.02.11"]

1. d4 Nf6 2. Bg5 d5 3. Bxf6 exf6 4. e3 Bd6 5. g3 c6 6. Bg2 O-O 7. Nd2 f5 8. Ne2
Nd7 9. c4 dxc4 10. Nxc4 Bc7 11. O-O Nf6 12. Nc3 Be6 13. b3 Qe7 14. Qc2 g6 15.
a4 Rac8 16. Qb2 Rfd8 17. Rfd1 h5 18. a5 h4 19. a6 b5 20. Na5 Bxa5 21. Rxa5 Qb4
22. Ra3 Nd5 23. Nxd5 cxd5 24. Raa1 hxg3 25. hxg3 Rc3 26. Rab1 Rdc8 1/2-1/2

[Event "Superettan(Orebro-Kamraterna)"]
[Site "?"]
[Date "2023.01.22"]
[Round "5"]
[White "Hamark, Jesper"]
[Black "Lundin, Jan"]
[Result "1/2-1/2"]
[WhiteElo "2344"]
[BlackElo "2209"]
[PlyCount "102"]
[SourceVersionDate "2023.02.12"]

1. e4 c6 2. Nf3 d5 3. d3 dxe4 4. dxe4 Qxd1+ 5. Kxd1 Nf6 6. Nbd2 Nbd7 7. Ne1 Nc5
8. f3 g5 9. Nd3 Nxd3 10. Bxd3 h6 11. Ke2 Bg7 12. a4 Be6 13. a5 Nd7 14. Nc4 Nc5
15. Be3 Nxd3 16. cxd3 f5 17. Rab1 fxe4 18. fxe4 Kf7 19. b3 Rhd8 20. Rhf1+ Kg6
21. h3 Rd7 22. g4 Rc7 23. Bf2 c5 24. Bg3 Rc6 25. Ne5+ Bxe5 26. Bxe5 h5 27.
gxh5+ Kxh5 28. Ke3 b6 29. b4 cxb4 30. Rxb4 Rc5 31. Bb2 Rxa5 32. Rf3 Rc8 33. d4
Ra2 34. d5 Bg8 35. Kd3 Rd8 36. Be5 Ra3+ 37. Ke2 Rxf3 38. Kxf3 Bxd5 39. exd5
Rxd5 40. Ke4 Ra5 41. Rb3 e6 42. Rc3 Kh4 43. Bd4 Rb5 44. Bf2+ Kh5 45. Rc6 Rb3
46. Be3 Rb4+ 47. Kf3 Rh4 48. Kg3 Re4 49. Kf3 Rh4 50. Kg3 Re4 51. Kf3 Rh4
1/2-1/2

[Event "Superettan(Burgsvik-Vasteras II)"]
[Site "?"]
[Date "2023.01.22"]
[Round "5"]
[White "Andersson, Tommy"]
[Black "Eriksson, Anders"]
[Result "1-0"]
[WhiteElo "2378"]
[BlackElo "2166"]
[PlyCount "125"]
[SourceVersionDate "2023.02.11"]

1. Nf3 Nf6 2. c4 c5 3. g3 b6 4. Bg2 Bb7 5. O-O e6 6. b3 Be7 7. Bb2 O-O 8. Nc3
d6 9. e3 Nbd7 10. d3 a6 11. Qe2 Qc7 12. e4 Rfe8 13. d4 cxd4 14. Nxd4 Bf8 15.
Rac1 Rac8 16. h3 Qb8 17. Rfe1 g6 18. Qd2 Rcd8 19. Rcd1 Ba8 20. Kh2 Ne5 21. Qe2
Nfd7 22. Nc2 Nc5 23. f4 Nc6 24. Ne3 Bg7 25. Nb1 Bxb2 26. Qxb2 Nd7 27. Qa3 Nc5
28. Ng4 Kg7 29. b4 Nd7 30. b5 Na5 31. Rxd6 e5 32. Qd3 Nc5 33. Rxd8 Qxd8 34. Qc3
Qd4 35. Nxe5 Qxc3 36. Nxc3 f6 37. Ng4 Nxc4 38. bxa6 Nxa6 39. Bf1 Nd2 40. Bg2
Nc5 41. e5 fxe5 42. Rxe5 Rxe5 43. Nxe5 Bxg2 44. Kxg2 Nde4 45. Nd5 Na4 46. Kf3
Nec3 47. Nb4 Kf6 48. Ke3 Ke6 49. Kd3 g5 50. Nec6 gxf4 51. gxf4 Nd5 52. Nd8+ Kd6
53. Nf7+ Kc5 54. Nxd5 Kxd5 55. f5 h5 56. h4 Nc5+ 57. Ke3 b5 58. Kf4 b4 59. Kg5
Ne4+ 60. Kg6 Nc3 61. f6 Nxa2 62. Ng5 b3 63. Nf3 1-0

[Event "Superettan(Orebro-Kamraterna)"]
[Site "?"]
[Date "2023.01.22"]
[Round "5"]
[White "Gruvaeus, Curt"]
[Black "Andreasson, Ingvar"]
[Result "1/2-1/2"]
[WhiteElo "2223"]
[BlackElo "2327"]
[PlyCount "48"]
[SourceVersionDate "2023.02.12"]

1. Nf3 Nf6 2. c4 g6 3. Nc3 Bg7 4. g3 O-O 5. Bg2 d6 6. d4 Nbd7 7. O-O e5 8. h3
Re8 9. e4 a6 10. a4 a5 11. Re1 c6 12. dxe5 dxe5 13. Be3 Bf8 14. Qc2 Qc7 15.
Rad1 Nc5 16. Re2 Nfd7 17. b3 Na6 18. Red2 Ndc5 19. Ne1 Nb4 20. Qb1 Be6 21. Nc2
Nba6 22. Ne1 Nb4 23. Nc2 Nba6 24. Ne1 Nb4 1/2-1/2

[Event "Superettan(SS 4 Springare-Burgsvik)"]
[Site "?"]
[Date "2023.01.21"]
[Round "4"]
[White "Andersson, Tommy"]
[Black "Galperin, Platon"]
[Result "1/2-1/2"]
[WhiteElo "2378"]
[BlackElo "2534"]
[PlyCount "94"]
[SourceVersionDate "2023.02.10"]

1. d4 Nf6 2. c4 g6 3. Nc3 Bg7 4. e4 d6 5. f3 O-O 6. Be3 a6 7. Qd2 Nbd7 8. Nh3
c5 9. Nf2 cxd4 10. Bxd4 Ne5 11. Be2 Be6 12. b3 Qa5 13. Rc1 b5 14. cxb5 axb5 15.
Bxb5 Rfc8 16. Ba4 Nc6 17. Be3 d5 18. exd5 Nxd5 19. Nxd5 Qxd5 20. Qxd5 Bxd5 21.
Nd3 Rd8 22. Kf2 Nd4 23. Rhd1 Nf5 24. Bb6 Rdb8 25. Bc5 Rc8 26. Nb4 Bb7 27. Bb6
Bh6 28. Rxc8+ Rxc8 29. Bd7 Rc3 30. Bxf5 gxf5 31. Rd8+ Bf8 32. Rb8 Bc8 33. Bd4
Rc7 34. Nd5 Rc2+ 35. Ke3 f6 36. Kd3 Rc1 37. Bc3 Ba6+ 38. Kd2 Rg1 39. Nb4 Rxg2+
40. Ke3 Rxa2 41. Nxa6 Rxa6 42. b4 Kf7 43. b5 Bh6+ 44. Kd3 Ra2 45. Rh8 Kg7 46.
Re8 Kf7 47. Rh8 Kg7 1/2-1/2

[Event "Superettan(Upsala-Lulea)"]
[Site "?"]
[Date "2023.01.21"]
[Round "4"]
[White "Wulkan, Martin"]
[Black "Burwick, Malte"]
[Result "1/2-1/2"]
[WhiteElo "2244"]
[BlackElo "2207"]
[PlyCount "34"]
[SourceVersionDate "2023.02.11"]

1. d4 Nf6 2. Nf3 g6 3. c4 Bg7 4. Nc3 O-O 5. Bg5 c5 6. d5 h6 7. Bh4 d6 8. Nd2 g5
9. Bg3 Nh5 10. e3 Nxg3 11. hxg3 f5 12. Qc2 e5 13. dxe6 Bxe6 14. Be2 Nc6 15. a3
a6 16. Bf3 Rb8 17. Bd5 Bxd5 1/2-1/2

[Event "Superettan(Orebro-Orgryte)"]
[Site "?"]
[Date "2023.01.21"]
[Round "4"]
[White "Frisk Kockum, Anton"]
[Black "Nygren, Kim"]
[Result "1-0"]
[WhiteElo "2331"]
[BlackElo "2206"]
[PlyCount "95"]
[SourceVersionDate "2023.02.11"]

1. d4 Nf6 2. c4 e6 3. Nf3 d5 4. Nc3 Bb4 5. Bd2 O-O 6. e3 c5 7. a3 Bxc3 8. Bxc3
Ne4 9. Bd3 Nxc3 10. bxc3 dxc4 11. Bxc4 Qa5 12. Qd2 Rd8 13. O-O Nd7 14. Rfd1 Nf6
15. Qb2 Qc7 16. Bd3 Bd7 17. Ne5 Rac8 18. Rac1 Ba4 19. Re1 Rd6 20. e4 Rb6 21.
Qd2 Bb5 22. Bb1 Rd8 23. f4 cxd4 24. cxd4 Qd6 25. Nf3 Qxa3 26. e5 Nd5 27. f5
exf5 28. Bxf5 Qe7 29. Ng5 h6 30. Ne4 Qb4 31. Qf2 Ne7 32. Nd6 Rbxd6 33. exd6
Qxd6 34. Bb1 Bc6 35. Rcd1 Nd5 36. Qf5 g6 37. Qf2 Nc3 38. Rd2 Nxb1 39. Rxb1 Qd5
40. Re1 Qg5 41. Re5 Qg4 42. h3 Qc8 43. d5 Bb5 44. Re7 Rf8 45. d6 a5 46. d7 Qd8
47. Qf6 Bc4 48. Rd6 1-0